002350000a220007300045001000039000002450047000393000052000867730023001381 aDeiros, Pablo A. (Alberto) (1945-)10aTransfondo del catolicismo Latinoamericano aVol. 9, Num 4 (Diciembre, 1990) Páginas 24-250 tIglesia y Misión